Top 20 Cricket Loving Countries in the World - Statistics

General Stats
  • This quiz has been taken 260 times
  • The average score is 14 of 20
Answer Stats
Rank Regional Popularity Country % Correct
1 100 India
100%
2 70 Pakistan
100%
5 32 Australia
99%
10 22 New Zealand
96%
4 42 Bangladesh
92%
9 24 South Africa
92%
3 68 Sri Lanka
92%
11 19 United Kingdom
85%
13 15 Afghanistan
77%
7 28 Nepal
76%
12 19 Jamaica
73%
14 14 Zimbabwe
67%
8 26 Trinidad and Tobago
63%
6 30 United Arab Emirates
53%
15 14 Papua New Guinea
46%
19 8 Fiji
42%
20 7 Singapore
40%
16 12 Oman
39%
18 9 Kuwait
30%
17 11 Botswana
26%
No matching quizzes found
Score Distribution
Percent of People with Each Score
Percentile by Number Answered
Your Score History
You have not taken this quiz